000 00645nam a22002057a 4500
003 0
005 20241019115933.0
008 241019b xxu||||| |||| 00| 0 eng d
020 _a9781984688736
050 _aQA 76.585
_b.G63 2024
100 _aGodeau, Emmanuelle,
_eauthor.
245 _aCore concepts in computer science :
_boperating systems /
_cEmmanuelle Godeau.
250 _a2nd ed.
260 _aNew York, NY :
_b3G E-Learning LLC,
_c2024.
300 _aix, 293 p. :
_bcol. ill. ;
_c26 cm.
504 _aIncludes bibliographical references and index.
650 _aComputer science.
650 _aOperating system.
942 _2lcc
_cBK
999 _c366601
_d366601